00829nam a22002177a 4500001000500000005001700005020001800022040002900040050001500069082001200084100002400096245008400120250003300204260003400237300004400271505000700315520022200322521001700544521001700561700003300578266120240109092114.0 a9780545665162 aFISKHbengcFISKHdFISKH aGV943.L663 a796.334 aLombana, Juan Pablo aSoccermania /cFutbolmania ; Juan Pablo Lombana ; illustrated by Zamie Casazola aFirst printing, January 2014 aNew York :bScholastic,c2014 a57 pages ;bcolor illustrations ;c20cm aY  aFull of interesting facts, cool statistics, amazing anecdotes, and fun illustrations, Soccermania/Futolmanía will feed your passion and tell you everything you need to know about the most popular sport in the world! a910 bLexile aY bRaz-Plus aCasazola, Zamieeillustrator